| 000 | 01570nam a2200313 4500 | ||
|---|---|---|---|
| 003 | EC-QuCCB | ||
| 005 | 20260401162825.0 | ||
| 007 | ta | ||
| 008 | 260330s1991 bo a|||gr|||| 001 p spa d | ||
| 040 | _aEC-QuCCB | ||
| 041 | _aspa | ||
| 041 | _aaym | ||
| 082 |
_aB861 _bT828 |
||
| 100 | 1 |
_aTriguero Coronel, Abraham, _944461 |
|
| 245 |
_aCantares de ayer y de esperanza : _bpoesía de la gente aymara _cAbraham Triguero Coronel |
||
| 246 | _aWiñaya aymara markasana arupa | ||
| 260 |
_aLa Paz, Bolivia : _b[Editor no identificado], _c1991 |
||
| 300 |
_a84 páginas : _bilustraciones ; _c22 cm |
||
| 336 |
_atexto _btxt |
||
| 337 |
_ano mediado _bn |
||
| 338 |
_avolumen _bnc |
||
| 500 | _aInf | ||
| 505 | _aIntroducción a la poesía aymara -- Wiñaya Markasa -- Phisqa Patak Mara -- Quinientos Años -- Sapxakistati -- ¿Qué Piensan? -- Ukataraki WiÑaymarka Jaytarpayasipkitasma -- Cuidado que olviden mi pueblo -- Machaqa Marka -- Pueblo Nuevo -- Wiñay Uraqisa -- Nuestra tierra de siempre -- Khitipxtansa -- ¿Quienes Somos? -- Tumpasipxañani -- Visitémonos -- Khitis Jiwasampi -- ¿Quién esta con nosotros? -- Jillasa-Kullakasa -- Aymara Tawaquna Arupa -- La Voz de la Joven Aymara -- Aymara Wayna -- Joven Aymara -- Warawara Tawaqu -- Estrella Joven -- Wajcha Wawa -- Criatura Huerfana -- Kawkinkarakta -- ¿Dónde estas? -- Jiwasankistuwa -- Depende e nosotros -- Vocabulario. | ||
| 590 | _abgg | ||
| 650 | 0 |
_aPoesía boliviana _940387 |
|
| 650 | 0 |
_aLiteratura boliviana _919067 |
|
| 942 |
_2ddc _cBK |
||
| 999 |
_c83774 _d83774 |
||